000 00782nam a2200229Ia 4500
999 _c42472
_d42472
001 9168
003 GE_BSU
005 20240607165202.0
008 181216s2005||||ru |||||||||||||| ||rus||
020 _a522206704
040 _cGE_BSU
041 _arus
080 _a515.83(075.32) С-59
100 _aСоколов ,Н. Г.
_922346
245 _aФизиотерапия :
_bУч-к для студ. сред.профес.образования /
_cН. Г. Соколов ; Ред.В.Федоров.
264 _aРостов-на-Дону :
_bФеникс,
_c2005.
300 _a314 стр. ;
_c20 см.
490 _aСерия Медицина для вас
653 _aФизиотерапия
700 _aФедоров, Н.Г.
_eАвтор
_922347
942 _cBK
_2udc